Информационное сопровождение предвыборной кампании кандидата (Запись № 11339931)
[ простой вид ]
| 000 -МАРКЕР | |
|---|---|
| контрольное поле | 02117nam0a2200361 4500 |
| 001 - ИДЕНТИФИКАТОР ЗАПИСИ | |
| контрольное поле | RU\NLR\BIBL_A\011368995 |
| 005 - ИДЕНТИФИКАТОР ВЕРСИИ | |
| контрольное поле | 20260405150547.0 |
| 010 ## - МЕЖДУНАРОДНЫЙ СТАНДАРТНЫЙ НОМЕР КНИГИ (ISBN) | |
| Номер (ISBN) | 9785794214116 |
| Тираж | 80 |
| 021 ## - НОМЕР ГОСУДАРСТВЕННОЙ РЕГИСТРАЦИИ | |
| Код страны | российская федерация |
| Номер | 2017-19995 |
| Номер Листа государственной регистраци | 1472 |
| 035 ## - ДРУГИЕ СИСТЕМНЫЕ НОМЕРА | |
| Идентификатор записи | (RuMoRGB)008833387 |
| 035 ## - ДРУГИЕ СИСТЕМНЫЕ НОМЕРА | |
| Идентификатор записи | (NLR Aleph) 011368995 |
| 100 ## - ДАННЫЕ ОБЩЕЙ ОБРАБОТКИ | |
| Данные общей обработки | 20170417d2017 u y0rusy50 ca |
| 101 0# - ЯЗЫК РЕСУРСА | |
| Язык текста, звукозаписи и т.д. | русский |
| Язык резюме | английский |
| Язык оглавления | английский |
| 102 ## - СТРАНА ПУБЛИКАЦИИ ИЛИ ПРОИЗВОДСТВА | |
| Страна публикации | российская федерация |
| 105 ## - ПОЛЕ КОДИРОВАННЫХ ДАННЫХ: ТЕКСТОВЫЕ МАТЕРИАЛЫ, МОНОГРАФИЧЕСКИЕ | |
| Кодированные данные о монографическом текстовом документе | a j 000zy |
| 200 1# - ЗАГЛАВИЕ И СВЕДЕНИЯ ОБ ОТВЕТСТВЕННОСТИ | |
| Основное заглавие | Информационное сопровождение предвыборной кампании кандидата |
| Параллельное заглавие | Information support of the candidate pre-election campaign |
| Сведения, относящиеся к заглавию | учебное пособие |
| Первые сведения об ответственности | Т. Л. Каминская, П. Б. Салин |
| Последующие сведения об ответственности | Федеральное государственное образовательное бюджетное учреждение высшего образования "Финансовый университет при Правительстве Российской Федерации", Департамент политологии |
| Язык параллельного заглавия | английский |
| 210 ## - ПУБЛИКАЦИЯ, РАСПРОСТРАНЕНИЕ И ДР. | |
| Место издания, распространения и т.д. | Москва |
| Имя издателя, распространителя и т. д. | Финансовый университет |
| Дата издания, распространения и т.д. | 2017 |
| 215 ## - ФИЗИЧЕСКАЯ ХАРАКТЕРИСТИКА | |
| Специфическое обозначение материала и объем | 76 с. |
| Другие сведения о физической характеристике | ил. |
| Размеры | 21 |
| 300 ## - ОБЩИЕ ПРИМЕЧАНИЯ | |
| Текст примечания | Авт. также на англ. яз.: Tatyana L. Kaminskaya, Pavel B. Salin |
| 300 ## - ОБЩИЕ ПРИМЕЧАНИЯ | |
| Текст примечания | Рез. на англ. яз. |
| 320 ## - ПРИМЕЧАНИЯ О НАЛИЧИИ В ДОКУМЕНТЕ БИБЛИОГРАФИИ / УКАЗАТЕЛЯ | |
| Текст примечания | Библиогр.: с. 69-71 (29 назв.) |
| 510 1# - ПАРАЛЛЕЛЬНОЕ ЗАГЛАВИЕ | |
| Связь между полями | z45790 |
| Параллельное заглавие | Information support of the candidate pre-election campaign |
| Язык заглавия | английский |
| 606 ## - НАИМЕНОВАНИЕ ТЕМЫ КАК ПРЕДМЕТ | |
| Наименование темы | Избирательные кампании |
| Формальный подзаголовок | Учебные издания для высших учебных заведений |
| Тематический подзаголовок | Технологии |
| Системный номер авторитетной/нормативной записи | 2217147 |
| Идентификатор авторитетной/нормативной записи | RU\NLR\AUTH\661331546 |
| 686 1# - ИНДЕКСЫ ДРУГИХ КЛАССИФИКАЦИЙ | |
| Индекс | Ф3(0)68я73 |
| 700 #1 - ИМЯ ЛИЦА - ПЕРВИЧНАЯ ОТВЕТСТВЕННОСТЬ | |
| Материалы, к которым относится поле | rus |
| Графика поля | Кириллица |
| Начальный элемент ввода | Каминская |
| Часть имени, кроме начального элемента ввода | Т. Л. |
| Расширение инициалов личного имени | Татьяна Леонидовна |
| Идентификатор авторитетной/нормативной записи | RU\NLR\AUTH\7761856 |
| Системный номер авторитетной/нормативной записи | 44786 |
| 701 #1 - ИМЯ ЛИЦА - АЛЬТЕРНАТИВНАЯ ОТВЕТСТВЕННОСТЬ | |
| Начальный элемент ввода | Салин |
| Часть имени, кроме начального элемента ввода | П. Б. |
| Расширение инициалов личного имени | Павел Борисович |
| 790 #1 - ИМЯ ЛИЦА - АЛЬТЕРНАТИВНАЯ ФОРМА | |
| Графика поля | Латинская |
| Материалы, к которым относится поле | rus |
| Начальный элемент ввода | Kaminskaja |
| Часть имени, кроме начального элемента ввода | T. L. |
| Дополнения к именам, кроме дат | канд. филол. наук |
| Расширение инициалов личного имени | Tat'jana Leonidovna |
| Системный номер авторитетной/нормативной записи | 173182 |
| Идентификатор авторитетной/нормативной записи | RU\NLR\AUTH\770173233 |
| 790 #1 - ИМЯ ЛИЦА - АЛЬТЕРНАТИВНАЯ ФОРМА | |
| Связь между полями | z45 |
| -- | z45510 |
| Начальный элемент ввода | Salin |
| Часть имени, кроме начального элемента ввода | P.B. |
| Расширение инициалов личного имени | Pavel Borisovič |
| 942 ## - ДОПОЛНИТЕЛЬНЫЕ ЭЛЕМЕНТЫ ЗАПИСИ (АБИС) | |
| Тип экземпляра АБИС | Книга |
| 980 ## - КОЛЛЕКЦИЯ | |
| Название коллекции | НБР |
Нет доступных экземпляров.